[Event "URS-ch58"]
[Site "Moscow"]
[Date "1991.??.??"]
[Round "3"]
[White "Tal, Mihail"]
[Black "Kruppa, Yuri"]
[Result "1/2-1/2"]
[WhiteElo "2575"]
[BlackElo "2485"]
[Annotator "Horn,Pe"]
[PlyCount "81"]
[EventDate "1991.11.??"]
[EventType "swiss"]
[EventRounds "11"]
[EventCountry "URS"]
[SourceTitle "URS-ch"]
[Source "ChessBase"]
[SourceDate "1999.07.01"]
[SourceVersion "1"]
[SourceVersionDate "1999.07.01"]
[SourceQuality "1"]

1. Nf3 Nf6 2. g3 d5 3. Bg2 g6 4. c4 dxc4 5. Na3 Be6 6. Qc2 (6. Ng5 $2 Bd5 7. e4
Bc6) 6... Bd5 7. Nxc4 Nc6 8. O-O Bxf3 9. Bxf3 Nd4 10. Qd3 Nxf3+ 11. Qxf3 c6 12.
Qb3 b6 13. d4 (13. Ne5 $5 Qd5 14. d4) 13... Qxd4 14. Bf4 Bg7 15. Ne5 Qd5 16.
Rfd1 Qxb3 17. axb3 c5 18. Nc6 (18. Nc4 $2 O-O) 18... a5 19. Rd3 (19. Bc7 Nd7 (
19... Rc8 20. Bxb6)) 19... e6 (19... O-O 20. Nxe7+ Kh8) 20. Be5 (20. Bc7 Rc8)
20... O-O 21. Rad1 Rfe8 22. Rf3 Nd5 (22... Ne4 $2 23. Rd7) 23. e4 Nb4 24. Bxg7
(24. Nxb4 axb4 (24... Bxe5 25. Nc6 Bd4 26. Nxd4 Red8 27. Rfd3 Rxd4 28. Rxd4
cxd4 29. Rxd4 Rc8 30. Rd6 Rc2 31. Rxb6 Rxb2 $10) 25. Bxg7 Kxg7 26. Rd7 Rf8)
24... Nxc6 (24... Kxg7 25. Rd7 Nxc6 26. Rfxf7+ Kg8 (26... Kh6 $2 27. Rxh7+ Kg5
28. f4+ Kg4 (28... Kf6 29. Rdf7#) 29. Kg2 $18) 27. Rg7+ Kh8 28. Rxh7+ Kg8 29.
Rhg7+ Kh8 30. Rh7+ $10) 25. Rd6 Rac8 26. Bf6 e5 27. Rfd3 h6 28. h4 Nb4 29. Rd2
b5 30. Rb6 Rc6 31. Rd6 Rxd6 32. Rxd6 a4 33. bxa4 bxa4 34. f4 exf4 35. gxf4 Kf8
36. Kf2 Rxe4 37. Rd8+ Re8 38. Bg7+ Ke7 39. Bf6+ Kf8 40. Bg7+ Ke7 41. Bf6+
1/2-1/2

[Event "World Cup"]
[Site "Reykjavik"]
[Date "1991.??.??"]
[Round "14"]
[White "Gulko, Boris F"]
[Black "Nikolic, Predrag"]
[Result "0-1"]
[WhiteElo "2565"]
[BlackElo "2625"]
[Annotator "Horn,Pe"]
[PlyCount "54"]
[EventDate "1991.09.??"]
[EventType "tourn"]
[EventRounds "15"]
[EventCountry "ISL"]
[EventCategory "16"]
[SourceTitle "CBM 026"]
[Source "ChessBase"]
[SourceDate "1992.02.01"]
[SourceVersion "1"]
[SourceVersionDate "1992.02.01"]
[SourceQuality "1"]

1. Nf3 d5 2. c4 d4 3. b4 g6 4. Bb2 (4. g3 Bg7 5. d3 e5 6. Bg2 Ne7 7. O-O O-O 8.
Nbd2 a5 9. b5 c5 $13 {Dizdarevic-P.Nikolic, Sarajevo 1987}) 4... Bg7 5. d3 e5
6. Nbd2 a5 (6... Ne7 7. Nb3 $5 $14 {Nikolic}) 7. a3 Ne7 8. g3 b6 (8... c5 9.
bxc5 Na6 10. a4 {/\ Ba3+/= Nikolic}) 9. Bg2 Bb7 10. O-O O-O 11. Re1 {Ungenau,
denn wegen des ungedeckten Pd3 kann das logische e3 noch nicht durch- gesetzt
werden.} (11. Qb3 $1 {Nikolic}) 11... c5 12. Qb3 Qc7 13. e3 axb4 14. axb4 Rxa1
15. Rxa1 $2 {Zeitverlust} (15. Bxa1 dxe3 16. Rxe3 f6 $10) 15... dxe3 16. fxe3
cxb4 17. Qxb4 (17. d4 exd4 18. exd4 Na6 $17 (18... Nbc6 19. d5 Na5 20. Qxb4
Bxb2 21. Qxb2 Nxc4 $17)) 17... Nf5 18. Re1 Na6 19. Qc3 (19. Qa3 Nc5) 19... Nc5
(19... e4 $6 20. Nd4 Rd8 21. Nxe4 Nxd4 22. exd4 Bxd4+ 23. Qxd4 Rxd4 24. Bxd4
$132) 20. Qc2 $2 (20. e4 Nd4 (20... Ne7 21. Nb3 Na4 22. Qc2 Nxb2 23. Qxb2) 21.
Nxd4 exd4 22. Qc2) 20... Rd8 21. Bf1 (21. d4 $2 exd4 22. exd4 Ne6 $17) (21. e4
$6 {Nikolic} Nxd3 22. exf5 Qc5+ 23. Bd4 (23. Kh1 Nf2+ 24. Kg1 Nh3+ 25. Kh1 Qg1+
26. Rxg1 Nf2#) (23. Nd4 Nxe1 $19) 23... Rxd4 24. Nb3 Qxc4 25. Qxc4 Rxc4 $19)
21... e4 $1 22. dxe4 (22. Nxe4 Bxb2 23. Qxb2 Nxe4 24. dxe4 Bxe4 25. Qf2 $17 (
25. Bg2 Nxg3 26. hxg3 Bxf3 27. Bxf3 Qxg3+)) 22... Nxg3 $1 23. Bxg7 (23. hxg3
Qxg3+ 24. Bg2 (24. Kh1 Bxb2 25. Qxb2 Nxe4 26. Nxe4 Bxe4 $19) 24... Bxb2 25.
Qxb2 Nd3 26. Qb1 (26. Nf1 Qxe1 27. Nxe1 Nxb2 $19) 26... Qf2+ 27. Kh2 Nxe1 28.
Qxe1 Qxe1 29. Nxe1 Rxd2 $19) 23... Nxf1 24. Ba1 Nxh2 $1 25. Nxh2 Qg3+ 26. Kf1
Qxh2 27. Qc3 f6 (27... f6 28. Qxf6 $4 Rf8) 0-1

[Event "EU-chT (Men) 11th"]
[Site "Pula"]
[Date "1997.05.??"]
[Round "1.3"]
[White "Maki, Veijo"]
[Black "Shulman, Yuri"]
[Result "0-1"]
[WhiteElo "2395"]
[BlackElo "2555"]
[Annotator "Horn,Pe"]
[PlyCount "90"]
[EventDate "1997.05.05"]
[EventType "team-swiss"]
[EventRounds "9"]
[EventCountry "CRO"]
[SourceTitle "CBM 057 Extra"]
[Source "ChessBase"]
[SourceDate "1997.05.01"]
[SourceVersion "1"]
[SourceVersionDate "1997.05.01"]
[SourceQuality "1"]
[WhiteTeam "Finland"]
[BlackTeam "Belarus"]
[WhiteTeamCountry "FIN"]
[BlackTeamCountry "BLR"]

1. Nf3 d5 2. g3 c5 3. Bg2 Nc6 4. O-O e5 5. c4 d4 6. d3 Bd6 7. e3 Nge7 8. exd4 (
8. Nbd2 $5 {[%cal Yd2e4] Capablanca}) 8... cxd4 {Nun ist eine Stellung aus dem
modernen Benoni mit vertauschten Farben entstanden.} 9. Na3 (9. a3 a5 10. Nbd2
Ng6 $13 {Capablanca-Janowski/New York/1924}) 9... O-O 10. Nc2 a5 11. Rb1 h6 12.
b3 $6 {Das kommt mir unnötig langsam vor.} (12. a3 a4 13. b4 axb3 14. Rxb3 {
Der Nc2 findet über b4 interessante Möglichkeiten. Jedenfalls leuchtet es mir
nicht ein, daß Weiß ein Tempo verschenkt hat, um diese Möglichkeit zu
verhindern.}) 12... Be6 13. a3 Rb8 {ein bekanntes Manöver im Benoni: der
Vorstoß b3-b4 soll durch b7-b5 gekontert werden.} 14. Re1 {[%cal Yc4c5]} (14.
b4 {wäre die konsequente Fortsetzung gewesen.} b5 (14... axb4 15. axb4 (15.
Nxb4 $5) 15... b5 16. c5 Bc7 $132 {[%cal Ye7d5] Der schwarze Plan ist: erst
die weiße Majorität am Damenflügel blockieren und dann den Vormarsch der
eigenen Majorität im Zentrum langsam vorbereiten.}) 15. cxb5 Rxb5 16. a4 Rb8
17. b5 Nd5 18. Bd2 $13) (14. Nh4 $5 {wäre ein Versuch, am anderen Flügel zu
spielen, da Schwarz sich am Damenflügel gewappnet hat. Danach ist aber mit
g7-g5 zu rechnen.} g5 15. Qh5 gxh4 16. Bxh6 Re8 17. Be4) 14... b5 $132 15. Bd2
(15. c5 Bc7 {ist ähnlich wie bei 14.b4} (15... Bxc5 16. Nxe5 $13)) 15... Qd7
16. Qe2 (16. Nh4) 16... Ng6 17. Qf1 Qc7 18. Rec1 bxc4 19. bxc4 Rxb1 20. Rxb1
Rb8 21. Qd1 (21. Rxb8+ Qxb8 22. Nfe1 Nge7 23. f4 exf4 24. Bxf4 Bxf4 25. Qxf4
Qxf4 26. gxf4 $11) 21... Nf8 {[%cal Yf8d7,Yd7c5] Das Idealfeld für den N ist
auf c5: er greift die Schwäche (Pd3) an, und blockiert den Pc4.} 22. Nfe1 (22.
Rxb8 Nxb8 (22... Qxb8 $6 23. Nh4 Qb6 24. Bxc6 Qxc6 25. Bxa5 g5 $44) 23. Qe1 Nc6
24. Nh4 g5 25. Nf3) 22... Nd7 23. Rxb8+ Ndxb8 $15 24. Qb1 (24. Qh5 {[%cal
Yg2h3]} Qd7) 24... Bd7 25. Bd5 Na6 {[%cal Ya6c5]} 26. Qb5 $2 {Danach leitet
Schwarz in ein gewonnenes Endspiel über; es war aber schon nicht mehr ganz
leicht.} Ncb4 27. Qb7 $8 Qxb7 28. Bxb7 Nxc2 29. Nxc2 (29. Bxa6 Nxe1 30. Bxe1 a4
$19) 29... Nc5 {[%csl Rd3]} 30. Bd5 Nb3 (30... Nxd3 31. Bxa5) 31. c5 (31. Be1
Bf5 $19) 31... Nxc5 32. Bxa5 Nxd3 33. Bc4 Nb2 34. Bb3 Bb5 35. Bb4 Bxb4 36. Nxb4
Kf8 37. f3 Ke7 38. Kf2 Nd3+ 39. Nxd3 Bxd3 40. Bd5 f5 41. Ke1 Kd6 42. Bb7 Bb5
43. Kf2 Bc6 44. Bc8 g6 45. g4 Bd7 0-1

[Event "Budapest FS03 GM"]
[Site "Budapest"]
[Date "1996.??.??"]
[Round "2"]
[White "Namgilov, Sogto"]
[Black "Dao, Thien Hai"]
[Result "0-1"]
[WhiteElo "2425"]
[BlackElo "2560"]
[Annotator "Horn,Pe"]
[PlyCount "94"]
[EventDate "1996.03.??"]
[EventType "tourn"]
[EventRounds "13"]
[EventCountry "HUN"]
[EventCategory "9"]
[SourceTitle "CBM 053"]
[Source "ChessBase"]
[SourceDate "1996.08.01"]
[SourceVersion "1"]
[SourceVersionDate "1996.08.01"]
[SourceQuality "1"]

1. Nf3 d5 2. c4 d4 3. b4 f6 4. e3 e5 5. c5 a5 6. Bc4 {[%csl Gc4] Das ist die
Idee von 5.c5} (6. exd4 e4 7. Qe2 Qe7 8. Ng1 Nc6 $15) (6. Qb3 {führt zu
ähnlichen Stellungen} axb4 7. Bc4 Nh6 8. O-O Bxc5 9. exd4 Bxd4 (9... exd4 10.
Re1+ Kf8 11. Bb2 Nc6) 10. Nxd4 Qxd4 11. Bb2 Qd6 12. d4 e4 $6 (12... exd4 13.
Re1+ Kf8 (13... Kd8 14. Bxd4 (14. Nd2 Ng4 15. g3 Ne5 16. Ne4 Qc6 $17) 14... Ng4
15. g3 Nc6 16. Bb2 Na5 17. Qc2 Bd7 $13) 14. Nd2 $13) 13. Nd2 Bf5 (13... f5 14.
f3 $13) (13... Ng4) 14. Nxe4 $1 Bxe4 15. Rae1 Nc6 (15... f5 $6 16. f3) 16.
Rxe4+ Kd8 (16... Kf8 17. Rfe1 $14) 17. Re6 Qd7 18. Rfe1 Nf5 $2 (18... Na5 $6
19. Qxb4 Nxc4 20. Qxc4 Nf5 21. d5 $16) (18... Rf8 $2 19. d5 $18) 19. Qf3 Nd6 (
19... g6 20. g4 $18) 20. Rxf6 $1 $16 {Ilinsky-Lev/Gausdal/1991}) 6... Nh6 (6...
axb4 7. Qb3 {(Bareev) führt mit Zugumstellung zu Ilinsky-Lev}) 7. O-O Be7 8. d3
(8. Bb2 $10) 8... dxe3 9. Bxe3 (9. fxe3 axb4 (9... e4 10. Ne1 $13 (10. Nd4))
10. Nxe5 fxe5 11. Qh5+ Kd7 12. Qxe5 $44 {[%csl Rd7]}) 9... Nf5 10. b5 (10. Qa4+
Bd7 11. Qb3 axb4 12. Bg8 Qc8 13. Qf7+ Kd8 14. d4 $13) (10. Qb3 axb4 11. Bg8 Qd7
$15) 10... e4 (10... Nxe3 $2 11. fxe3 Bxc5 12. Nxe5 Bxe3+ 13. Kh1 $40) 11. Ne1
Nd7 12. d4 (12. c6 bxc6 13. bxc6 Ne5 $15) 12... Nxc5 13. Nc3 Be6 14. Bxe6 (14.
Be2 Nd7 (14... Nd3 15. Nxd3 Nxe3 16. fxe3 exd3 17. Bxd3 $10) 15. Nxe4 $10 (15.
Qc2 Nxe3 16. fxe3 f5 17. d5 Bf7 18. Rxf5 $13)) 14... Nxe6 15. Nc2 Qd7 16. Qg4
Nd6 17. Nxe4 (17. d5 Ng5 18. Qxd7+ Kxd7 $17) 17... O-O (17... Nxb5 18. Rfb1 c6
(18... Nd6 19. d5 $44) 19. a4 Nd6 20. Nc5 $44) 18. Nxd6 Qxd6 19. Qe4 (19. Rae1
$5) 19... f5 20. Qxb7 f4 21. Bc1 f3 (21... Nxd4 22. Ba3 Ne2+ 23. Kh1 Qe5 24.
Bxe7 $14) 22. Qc6 (22. Ba3 Qd7 23. Bxe7 fxg2 (23... Qxe7 24. g3 $14) 24. Bxf8
gxf1=Q+ 25. Rxf1 Rxf8 $13) 22... fxg2 23. Re1 Nf4 24. Qxd6 {ermöglicht die
folgende Kombination} (24. Bxf4 $5 Qxf4 25. Qxg2 Bh4 26. Re2 $10) 24... Nh3+ $1
{Nun setzt eine ungewöhnlich lange erzwungene Folge ein. Es wäre interessant,
zu wissen, wie weit Dao Thien Hai den Verlauf vorausgesehen hat.} (24... Bxd6
25. Bxf4 Rxf4 26. Kxg2 $10) 25. Kxg2 Rxf2+ 26. Kxh3 Bxd6 27. Ne3 Rxh2+ 28. Kg4
Rf8 29. Rf1 (29. Nc4 h5+ 30. Kg5 Rg2+ 31. Kxh5 Rf5+ 32. Kh4 g6 $19) 29... h5+
30. Kg5 Be7+ 31. Kg6 Rxf1 32. Nxf1 Rg2+ 33. Kf5 $8 Rf2+ 34. Ke6 $8 Rxf1 35.
Kxe7 {[%csl Ra1][%cal Rh5h4,Rh4h3,Rh3h2,Rh2h1] Der erste Pulverdampf hat sich
verzogen. Weiß hat zwar nach wie vor einen Figur mehr, aber er hat
Schwierigkeiten, sich angesichts der Fesselung gegen den Vormarsch des h-P zu
wehren. Deswegen ist der folgende Wettlauf seine einzige Chance.} h4 36. d5 (
36. Bb2 $2 Rxa1 37. Bxa1 h3 $19 {[%csl Rd4]}) 36... h3 37. d6 (37. Bb2 $2 Rxa1
38. Bxa1 h2 $19) 37... cxd6 38. b6 h2 39. b7 h1=Q 40. b8=Q+ Kh7 41. Qb1+ (41.
Qb3 Rxc1 42. Rxc1 Qxc1 43. Qh3+ Qh6 44. Qf5+ g6 45. Qxa5 $17) 41... g6 42. Qb3
(42. Kxd6 Rf6+ $19) 42... Qe4+ $1 (42... Rxc1 43. Qf7+ $10) 43. Kd7 $2 (43. Qe6
{Es scheint mir, daß sich Namgilov damit noch hätte retten können.} Qb7+ 44.
Ke8 Qb8+ 45. Kd7 Qa7+ 46. Ke8 Qb8+ $10) 43... Qg4+ 44. Kc7 Rf8 45. Qd5 Qb4 46.
Kd7 Qc3 47. Qxd6 (47. Qh1+ Kg8 48. Bg5 Rf7+ $19) 47... Qc8+ 0-1

[Event "Petrov Memorial op"]
[Site "St Petersburg"]
[Date "1996.??.??"]
[Round "4"]
[White "Krogius, Nikolai V"]
[Black "Karasev, Vladimir I"]
[Result "1-0"]
[WhiteElo "2490"]
[BlackElo "2360"]
[Annotator "Horn,Pe"]
[PlyCount "159"]
[EventDate "1996.02.??"]
[EventType "swiss"]
[EventRounds "9"]
[EventCountry "RUS"]
[SourceTitle "CBM 052"]
[Source "ChessBase"]
[SourceDate "1996.06.01"]
[SourceVersion "1"]
[SourceVersionDate "1996.06.01"]
[SourceQuality "1"]

1. Nf3 d5 2. c4 dxc4 3. Na3 c5 4. Nxc4 b5 $2 $146 (4... Nc6) 5. Ne3 Bb7 6. a4
$1 a6 $2 (6... bxa4 7. Qxa4+ $16 {[%csl Gc4]}) 7. axb5 axb5 8. Rxa8 Bxa8 9. Qb3
Qa5 (9... Qb6 10. Nc4 Qb7 11. Na3 b4 12. Qa4+ Nc6 13. Nb5 $18 {[%cal Ra4a8]})
10. Nc4 Qa6 (10... Qa4 11. Qxa4 bxa4 12. Nb6 Bc6 13. Ne5 Bb5 14. e3 $18) 11.
Nce5 c4 (11... e6 12. e4 $18) 12. Nxc4 Qc6 13. Nfe5 Qd5 14. e4 $5 (14. f3 $18)
(14. d3 Nd7 15. Nxd7 bxc4 16. Qb8+ $18) 14... Qxe4+ 15. Be2 Nf6 16. Qxb5+ Nbd7
17. f3 Qd5 18. Qa4 $1 (18. Nxd7 Qxb5 19. Nd6+ Kxd7 20. Nxb5 e6 $16) 18... e6
19. Ne3 $2 (19. Bd3 $142 $1 Bc5 20. Nxd7 Nxd7 21. Be4 $18) 19... Qxe5 20. Qxa8+
Qb8 21. Qxb8+ Nxb8 22. Bb5+ Nbd7 23. Nc4 Bc5 24. Ne5 Ke7 25. Nc6+ Kd6 $2 26. d4
{[%cal Rd4c5,Rc1f4]} Nd5 (26... Ra8 27. dxc5+ Kxc5 28. Na7 Rxa7 29. Be3+ $18)
27. dxc5+ Kxc5 28. Ba4 $18 (28. Na7 $18) 28... N7b6 29. b4+ Kd6 30. Bb5 Rc8 31.
Bb2 f6 (31... Rxc6 32. Bxc6 Kxc6 33. Bxg7 $18) 32. Nd4 e5 33. Ne2 (33. Nf5+ $2
Ke6 34. Nxg7+ Kf7 35. Nf5 Rc2 $132) 33... Rc2 34. Bc1 Nxb4 35. Ba3 Kc5 36. Bd3
Ra2 37. Bxb4+ Kxb4 38. Kf2 Nd5 39. Rb1+ Kc5 40. Rc1+ Kd6 41. Bc4 Ra5 42. Rd1
Rc5 43. Bb3 Kc6 44. g3 (44. Bxd5+ Rxd5 45. Rxd5 Kxd5 46. Ke3 $18) 44... f5 45.
Ra1 Ne7 46. Ra7 Kd6 47. h4 g6 48. Rb7 h6 49. Rb6+ Rc6 50. Rxc6+ Nxc6 51. Bf7 g5
52. h5 f4 53. Bg6 Ne7 54. Bc2 fxg3+ 55. Nxg3 Ke6 56. Be4 Ng8 57. Bf5+ Kd5 58.
Ne4 Kd4 59. Bh7 Ne7 60. Ng3 e4 61. Bxe4 Ke5 62. Ke3 Ng8 63. Bc2 Nf6 64. Bb3 Ne8
65. Bf7 Nd6 66. Bg6 Nc4+ 67. Kf2 Nd6 68. Ne2 Nc4 69. Bd3 Nd6 70. Kg3 Nc8 71.
Nc3 Nd6 72. Kg4 Nf7 73. Ne4 Kd4 74. Bc2 Ne5+ 75. Kg3 Nf7 76. Nf6 Nd8 77. Ng4
Nf7 78. Bg6 Nd6 79. Nxh6 Ke5 80. Nf7+ 1-0

[Event "Gausdal Int"]
[Site "Gausdal"]
[Date "1991.??.??"]
[Round "4"]
[White "Ilinsky, Vladimir"]
[Black "Lev, Ronen"]
[Result "1-0"]
[WhiteElo "2350"]
[BlackElo "2425"]
[Annotator "Horn,Pe"]
[PlyCount "105"]
[EventDate "1991.08.??"]
[EventType "swiss"]
[EventRounds "9"]
[EventCountry "NOR"]
[SourceTitle "CBM 025"]
[Source "ChessBase"]
[SourceDate "1991.12.01"]
[SourceVersion "1"]
[SourceVersionDate "1991.12.01"]
[SourceQuality "1"]

1. Nf3 d5 2. c4 d4 3. b4 f6 4. e3 e5 5. Qb3 a5 {N} (5... c5 6. bxc5 Bxc5 7.
exd4 (7. Ba3 $5) 7... exd4 8. Ba3 Qe7+ 9. Be2 Nc6 10. O-O (10. Bxc5 Qxc5 11.
Qb5 Qxb5 (11... Qd6 12. c5) 12. cxb5 d3 13. Bxd3 Nb4 $44) 10... b6 11. Re1 Qd6
12. Bxc5 bxc5 13. Na3 a6 14. Nh4 Nge7 15. Bf3 O-O $10 {Napolitano-Balogh, corr
1960}) 6. c5 $5 axb4 7. Bc4 Nh6 8. O-O Bxc5 9. exd4 Bxd4 (9... exd4 10. Re1+
$146) 10. Nxd4 Qxd4 11. Bb2 Qd6 12. d4 e4 $2 (12... exd4 13. Re1+ Kf8 (13...
Kd8 14. Bxd4 $146) 14. Nd2 $13) 13. Nd2 Bf5 (13... f5 14. f3 $146) 14. Nxe4 $1
Bxe4 15. Rae1 Nc6 (15... f5 $6 16. f3) 16. Rxe4+ Kd8 (16... Kf8 17. Re6 Qd7 18.
Rfe1 $146) 17. Re6 Qd7 18. Rfe1 Nf5 $2 (18... Na5 $6 19. Qxb4 Nxc4 20. Qxc4 Nf5
21. d5 $16) (18... Rf8 $146) 19. Qf3 Nd6 (19... g6 20. g4 $18) 20. Rxf6 $1 Ne7
(20... gxf6 21. Qxf6+ $18) (20... Nxc4 21. Rf8+ Rxf8 22. Qxf8+ $18) 21. Rfe6
Ng6 (21... Nxc4 22. Rxe7 Qxe7 23. Rxe7 Kxe7 24. Qe2+ $18) 22. Bb3 Rf8 23. Qg3
Ra5 24. d5 Kc8 25. Qg5 Kb8 26. g3 Rf7 27. Qd2 Qb5 28. h4 Nc4 29. Re8+ Ka7 30.
Qd4+ Nb6 (30... Qc5 $4 31. Qxc5+ Rxc5 32. Bd4 $18) 31. h5 Nf8 32. R8e7 Rf5 33.
Rxc7 Nfd7 34. Re7 Kb8 35. d6 Nc5 36. Qxg7 Qd3 37. Rxb7+ Nxb7 38. Rxb7+ Ka8 39.
Rc7 Qf3 40. Qh8+ Rf8 41. Rf7 Qxf7 (41... Rxh8 42. Rxf3 Rd8 43. Rd3 $16) 42.
Bxf7 Rxh8 43. Bxh8 Kb7 44. h6 Kc6 45. Bg7 Ra8 46. g4 Nc8 47. g5 Nxd6 48. g6
hxg6 49. Be6 Ne4 50. f4 Kd6 51. Bb3 g5 52. h7 gxf4 53. Bg8 1-0

[Event "USA-ch m"]
[Site "Los Angeles"]
[Date "1991.??.??"]
[Round "1.1"]
[White "Alburt, Lev O"]
[Black "Dlugy, Maxim"]
[Result "1-0"]
[WhiteElo "2535"]
[BlackElo "2560"]
[Annotator "Horn,Pe"]
[PlyCount "139"]
[EventDate "1991.07.??"]
[EventType "k.o."]
[EventRounds "4"]
[EventCountry "USA"]
[SourceTitle "CBM 025"]
[Source "ChessBase"]
[SourceDate "1991.12.01"]
[SourceVersion "1"]
[SourceVersionDate "1991.12.01"]
[SourceQuality "1"]

1. Nf3 d5 2. c4 dxc4 3. g3 c5 4. Na3 Nc6 5. Nxc4 g6 6. Bg2 (6. Nce5 Nxe5 7.
Nxe5 Bg7 8. Qa4+ Kf8 {Bilek-Keres, Budapest 1955}) 6... Bg7 7. O-O Nh6 (7...
Nf6 8. b3 Nd5 9. Bb2 Bxb2 10. Nxb2 Bg4 11. Rc1 b6 12. d4 Bxf3 13. Bxf3 Nxd4 14.
Bg2 e6 15. b4 Nxb4 16. e3 Ndc6 17. Qa4 Qc7 18. Nd3 Nxd3 19. Bxc6+ Ke7 20. Bxa8
Rxa8 $13 {Tschechow-Mihaljtschisin, Lvov 1983}) 8. d3 {N} (8. Rb1 $10) 8... Nf5
9. Rb1 O-O 10. Bd2 Qc7 11. a3 a5 12. Bc3 (12. b4 $5 cxb4 (12... axb4 13. axb4
b5 14. Nce5 Nxe5 15. Nxe5) 13. axb4 a4 (13... Nxb4 14. Bxb4 axb4 15. Rxb4 Ra1
16. Qb3 $14) 14. b5 Ncd4 15. Nxd4 Nxd4 16. e3 Nb3 17. Bb4) 12... a4 13. Bxg7
Kxg7 14. e3 Rd8 $6 (14... b5 15. Nce5 Nxe5 16. Nxe5 Bb7 $10) 15. Qc2 Be6 16. b3
$1 axb3 $2 (16... b5 17. Ncd2 (17. Qc3+ f6) 17... axb3 18. Nxb3 c4 19. dxc4 (
19. Nbd4 Nfxd4 20. Nxd4 Nxd4 21. exd4 Rxa3 22. Rxb5 Rxd3) (19. Nc5 cxd3 20.
Nxe6+ fxe6 21. Qc3+ Kg8 22. Rxb5) 19... Bxc4 20. Rfd1) 17. Rxb3 {/\ Qb2} Kg8
18. Ng5 Bxc4 (18... Bd5 $2 19. Bxd5 Rxd5 20. e4 $18) 19. Qxc4 Nd6 20. Qh4 (20.
Qxc5 $4 Ra5 $19) 20... h5 21. Rfb1 $2 (21. g4 Ra4 22. f4 $16) 21... b5 $2 (
21... Kg7) 22. g4 $1 Ra4 23. f4 Kg7 (23... hxg4 $4 24. Qh7+ Kf8 25. Qh8#) 24.
gxh5 Rh8 25. Qe1 $1 $16 Rxh5 26. Qc3+ Kg8 27. Qxc5 Qa7 28. Qxa7 Nxa7 29. Rc1
Kg7 30. Rc7 Nf5 31. Be4 Kf6 (31... Nxe3 32. Rxe7) 32. Bxf5 gxf5 33. Rbc3 Rh8
34. e4 Re8 (34... Rh4 $1 35. e5+ Kg6 36. Rxe7 Raxf4 37. h3 (37. Rxa7 Rhg4+ 38.
Kh1 Rf1#) 37... Kxg5 38. Rxa7 Rxh3 39. Rxf7 Rg3+ 40. Kh2 Re3 $10) 35. Kg2 (35.
R3c5 $5 fxe4 36. dxe4 Rxa3 37. Rf5+ Kg6 38. Rxf7) 35... Kg7 36. Kf3 b4 37. axb4
Nb5 38. Rc8 fxe4+ 39. dxe4 Rxc8 40. Rxc8 Rxb4 41. Rd8 Nd4+ 42. Ke3 Ne6 43.
Nxe6+ fxe6 44. Re8 Rb3+ (44... Kf7 $16) 45. Kd4 Rh3 $2 (45... Rb4+ $5 46. Ke5
Kf7 47. Rc8 Rb5+ 48. Kd4 Rh5 49. Rc2) 46. Rxe7+ Kf6 47. Ra7 Rxh2 48. e5+ $1 Kf5
(48... Kg6 49. Re7) 49. Rf7+ Kg4 (49... Kg6 50. Rf6+ $18) 50. Ke3 (50. Kc5 $1
$18) 50... Ra2 51. Rg7+ Kh5 (51... Kf5 52. Rg5#) 52. Kd4 {/\ Kc5+-} Rc2 (52...
Rf2 53. Kc5 Rxf4 54. Kd6 $18) 53. Re7 Rc6 54. Rd7 {/\ Rd6} Rc8 55. Rd6 Re8 56.
Ke4 Kg4 (56... Kg6 57. f5+ $18) 57. Ra6 Rf8 $2 (57... Re7) 58. Rxe6 Rxf4+ 59.
Kd5 Kg5 60. Ra6 Rb4 61. Ke6 Kg6 62. Ke7+ Kg7 63. Ra7 Rb8 64. e6 Kg6 65. Ra1
Rb7+ 66. Kd6 Rb6+ 67. Kd7 Rb7+ 68. Kc6 Rb8 69. Kc7 Rh8 70. e7 1-0

[Event "Budapest Honved"]
[Site "Budapest"]
[Date "1991.??.??"]
[Round "?"]
[White "Loginov, Valery A"]
[Black "Lutz, Christopher"]
[Result "1/2-1/2"]
[WhiteElo "2540"]
[BlackElo "2545"]
[Annotator "Horn,Pe"]
[PlyCount "141"]
[EventDate "1991.??.??"]
[EventType "tourn"]
[EventRounds "11"]
[EventCountry "HUN"]
[EventCategory "9"]
[SourceTitle "CBM 027"]
[Source "ChessBase"]
[SourceDate "1992.04.01"]
[SourceVersion "1"]
[SourceVersionDate "1992.04.01"]
[SourceQuality "1"]

1. Nf3 Nf6 2. g3 d5 3. Bg2 g6 4. c4 c6 5. Qa4 dxc4 6. Qxc4 Bg7 7. O-O Nbd7 8.
Qc2 {N} (8. Nc3 O-O 9. d4 Nb6 10. Qd3 $14 {Gutman-Pfleger, BL 1985}) 8... Nb6
9. Nc3 Bf5 10. d3 Qc8 {/\ Bh3} 11. Rd1 O-O 12. a4 Bh3 (12... a5 13. e4 Bh3 14.
Be3 Bxg2 15. Kxg2 $14) 13. a5 Bxg2 14. Kxg2 Nbd5 15. e4 Nxc3 (15... Nb4 16. Qa4
c5 17. d4 cxd4 18. Nxd4 Nc6 19. Nxc6 Qxc6 20. Qxc6 bxc6 21. Be3) 16. bxc3 c5
17. Rb1 Nd7 18. Bg5 h6 $2 (18... Re8 $14) 19. Bxe7 Re8 20. Bd6 g5 {/\ Qc6} (
20... Qc6 21. Bf4) 21. g4 Nf6 22. h3 c4 (22... h5 23. gxh5 g4 24. hxg4 Qxg4+
25. Bg3 Nxh5 26. Nh2 Nf4+ (26... Qg6 27. Rxb7 $16) 27. Kh1 $16) 23. Rb4 $1 cxd3
24. Qxd3 Qc6 25. e5 Nd7 26. Rc4 Qa6 27. Rc7 Qxd3 28. Rxd3 Nxe5 29. Bxe5 Bxe5
30. Rxb7 (30. Nxe5 Rxe5 31. Rdd7 Rf8 32. Rxb7 Rxa5 33. Rdc7 $16 (33. Rxa7 Rxa7
34. Rxa7 Rc8 35. Ra3 $16)) 30... Bh8 31. Rc7 (31. Rdd7 Rf8 (31... Bxc3 32. Rxf7
Bxa5 33. Rg7+ Kh8 34. Rh7+ Kg8 35. Rxh6) 32. Nd4 $16) 31... Rec8 $1 32. Rdd7
Bxc3 33. Rxc8+ (33. Rxf7 Rxc7 34. Rxc7 Bxa5) 33... Rxc8 34. Rxa7 Rc5 35. a6 Ra5
36. Rc7 Bf6 37. a7 Kg7 38. Rd7 Bc3 39. Kf1 Ra2 40. h4 gxh4 41. Nxh4 Kf6 42. Nf3
Ke6 43. Rc7 Ba1 44. Rc6+ (44. Kg2 $5) 44... Kd7 45. Rxh6 Rxa7 46. Kg2 Ra4 47.
Kg3 Ke7 48. Rb6 Kf8 49. Rb5 Bf6 50. Ne1 Ra3+ 51. f3 Re3 52. Ng2 Re2 53. f4 Rb2
54. Rd5 Rb3+ 55. Kf2 Kg7 56. Ne3 Bb2 57. Nf5+ Kh7 58. Rd7 Bc1 59. Rxf7+ Kg6 60.
Nd6 Rb6 61. f5+ Kg5 62. Nc4 (62. Rg7+ Kf4 63. Nc4 Rc6) 62... Rb4 63. Ne5 Rb5
64. Rg7+ Kf6 (64... Kf4) 65. Rc7 Bf4 66. Nd7+ Kg5 67. Rc4 Kxg4 68. f6 Rb2+ 69.
Kf1 Rb1+ 70. Ke2 Rb2+ 71. Kf1 (71. Kd3 $4 Rd2+) 1/2-1/2